BIBLIOTECA PODER JUDICIAL
Portal Judicial TDF

Acuerdos en la indivisión postcomunitaria / (Registro nro. 6334)

000 -LEADER
fixed length control field 01606nab a22002897a 4500
003 - CONTROL NUMBER IDENTIFIER
control field OSt
005 - DATE AND TIME OF LATEST TRANSACTION
control field 20260130211704.0
008 - FIXED-LENGTH DATA ELEMENTS--GENERAL INFORMATION
fixed length control field 190603e xxum|||| |||| 00| 0 spa d
040 ## - CATALOGING SOURCE
Transcribing agency PJ
100 ## - MAIN ENTRY--PERSONAL NAME
9 (RLIN) 6362
Personal name Balducci, Carla Gabriela
245 10 - TITLE STATEMENT
Title Acuerdos en la indivisión postcomunitaria /
Statement of responsibility, etc Carla G. Balducci.
260 ## - PUBLICATION, DISTRIBUTION, ETC. (IMPRINT)
Date of publication, distribution, etc Ciudad Autónoma de Buenos Aires :
Place of publication, distribution, etc Thomson Reuters La Ley,
Name of publisher, distributor, etc 2025.
300 ## - PHYSICAL DESCRIPTION
Extent p. 99-109
500 ## - GENERAL NOTE
General note Cita: TR LALEY AR/DOC/2269/2025 <br/>Publicado en: RCCyC 2025 (Octubre).
505 ## - FORMATTED CONTENTS NOTE
Formatted contents note Sumario: I. Introducción.— II. Desarrollo.— III. Los acuerdos en la indivisión posganancial y convenio regulador.— IV. Efectos de la separación judicial de bienes. La facultad de celebrar acuerdos.— V. El deber conyugal de información para el otorgamiento de actos que excedan la administración ordinaria. Derecho de oposición.— VI. Medidas precautorias en la indivisión postcomunitaria.— VII. El pasivo durante la indivisión postcomunitaria.— VIII. Conclusiones.
505 ## - FORMATTED CONTENTS NOTE
Title ¿Te interesa el texto completo? Solicitalo al correo: koha@justierradelfuego.gov.ar
650 #0 - SUBJECT ADDED ENTRY--TOPICAL TERM
9 (RLIN) 1497
Topical term or geographic name as entry element CODIGO CIVIL Y COMERCIAL
650 #0 - SUBJECT ADDED ENTRY--TOPICAL TERM
9 (RLIN) 967
Topical term or geographic name as entry element DERECHO DE FAMILIA
650 #0 - SUBJECT ADDED ENTRY--TOPICAL TERM
9 (RLIN) 5328
Topical term or geographic name as entry element RÉGIMEN DE COMUNIDAD DE BIENES
650 #0 - SUBJECT ADDED ENTRY--TOPICAL TERM
9 (RLIN) 5352
Topical term or geographic name as entry element SEPARACIÓN DE BIENES
650 #0 - SUBJECT ADDED ENTRY--TOPICAL TERM
9 (RLIN) 3951
Topical term or geographic name as entry element DEBER DE INFORMACIÓN
650 #0 - SUBJECT ADDED ENTRY--TOPICAL TERM
9 (RLIN) 962
Topical term or geographic name as entry element MATRIMONIO
650 #0 - SUBJECT ADDED ENTRY--TOPICAL TERM
9 (RLIN) 2253
Topical term or geographic name as entry element CONDOMINIO
650 #0 - SUBJECT ADDED ENTRY--TOPICAL TERM
Topical term or geographic name as entry element ASENTIMIENTO CONYUGAL
773 0# - HOST ITEM ENTRY
Host Biblionumber 2713
Host Itemnumber 3170
Place, publisher, and date of publication Ciudad Autónoma de Buenos Aires : Thomson Reuters La Ley, 2015-
Title Revista Código Civil y Comercial. Nº 5 - Octubre 2025
942 ## - ADDED ENTRY ELEMENTS (KOHA)
Source of classification or shelving scheme
Koha item type Analítica Artículo de Revista

No hay ítems disponibles.

12 de Octubre 789 Ushuaia - Tel:  54(02901)441571
Horario de Atención: 8.00 a 17.00 hs. 
bibliotecaush@justierradelfuego.gov.ar
koha@justierradelfuego.gov.ar
Seguinos en nuestras redes @bibliojustdf 

Con tecnología Koha